<?xml version="1.0" encoding="UTF-8"?>
<marc:record xmlns:marc="http://www.loc.gov/MARC21/slim">
   <marc:leader>00000nam a2200000 a 4500</marc:leader>
   <marc:datafield ind1="1" ind2=" " tag="100">
      <marc:subfield code="a">Forest, Annabelle</marc:subfield>
      <marc:subfield code="4">aut</marc:subfield>
      <marc:subfield code="e">Verfasser/-in</marc:subfield>
   </marc:datafield>
   <marc:datafield ind1=" " ind2=" " tag="653">
      <marc:subfield code="a">Sekte</marc:subfield>
   </marc:datafield>
   <marc:datafield ind1=" " ind2=" " tag="653">
      <marc:subfield code="a">Sklave</marc:subfield>
   </marc:datafield>
   <marc:datafield ind1="0" ind2="0" tag="245">
      <marc:subfield code="a">Der Teufel vor meiner Tür</marc:subfield>
   </marc:datafield>
   <marc:datafield ind1="0" ind2="0" tag="245">
      <marc:subfield code="b">Zehn Jahre missbraucht und manipuliert. Wie ich der Hölle meiner Kindheit entkam</marc:subfield>
   </marc:datafield>
   <marc:datafield ind1=" " ind2="1" tag="264">
      <marc:subfield code="b">Lübbe</marc:subfield>
      <marc:subfield code="c">2016</marc:subfield>
   </marc:datafield>
   <marc:datafield ind1="1" ind2=" " tag="520">
      <marc:subfield code="a">Die kleine Annabelle ist gerade sieben Jahre alt, als sie durch ihre Mutter in die Fänge einer perversen Sekte gerät. In einem kleinen Ort in Wales führt sie zehn Jahre lang ein schreckliches Doppelleben: Tagsüber spielt sie das unbekümmerte Schulmädchen, nachts die Sexsklavin des brutalen Sektenführers. Erst als sie schwanger wird, findet sie die Kraft, aus der Hölle auszubrechen: Um keinen Preis darf ihre eigene Tochter dasselbe durchmachen wie sie...</marc:subfield>
   </marc:datafield>
   <marc:datafield ind1=" " ind2=" " tag="020">
      <marc:subfield code="a">9783404608690</marc:subfield>
      <marc:subfield code="9">9783404608690</marc:subfield>
   </marc:datafield>
</marc:record>
